书目信息 |
| 题名: |
中国古代文字狱
|
|
| 作者: | 杨乾坤 著 | |
| 分册: | ||
| 出版信息: | 西安 陕西人民出版社 1999.04 |
|
| 页数: | 417页 | |
| 开本: | 32开 | |
| 丛书名: | ||
| 单 册: | ||
| 中图分类: | K249.205 | |
| 科图分类: | ||
| 主题词: | 中国--历史 | |
| 电子资源: | ||
| ISBN: | 7-224-04378-8 | |
| 000 | 00540nam0 2200193 45 | |
| 001 | 0303311043 | |
| 005 | 20031219104108.2 | |
| 010 | @a7-224-04378-8@dCNY16.00 | |
| 100 | @a20030331d1999 km y0chiy0120 ea | |
| 101 | 0 | @achi |
| 105 | @a z 000yy | |
| 200 | 1 | @a中国古代文字狱@AZhong Guo Gu Dai Wen Zi Yu@f杨乾坤著@FYang Qian Kun Zhu |
| 210 | @a西安@c陕西人民出版社@d1999.04 | |
| 215 | @a417页@d32开 | |
| 606 | 0 | @a中国@x历史 |
| 690 | @aK249.205@v4 | |
| 701 | @a杨乾坤@4著 | |
| 801 | @aCN@bTSTC@c20030331 | |
| 905 | @b321726@dK249.205@e71@f1 | |
| 中国古代文字狱/杨乾坤著.-西安:陕西人民出版社,1999.04 |
| 417页;32开 |
| ISBN 7-224-04378-8:CNY16.00 |
| ● |
| 相关链接 |
|
|
|
|
正题名:中国古代文字狱
索取号:K249.205/71
 
预约/预借
| 序号 | 登录号 | 条形码 | 馆藏地/架位号 | 状态 | 备注 |
| 1 | 0321726 | 203217269 | 第二样本阅览室/ [索取号:K249.205/71] | 在馆 |